00690nam a2200241Ia 4500003000900000008004100009040001300050040001300063041000800076100001500084245002700099250001200126260001500138260000900153300001100162300001000173490001200183490000600195600002300201942000700224999001700231952020000248IT-RoPAU120407s9999 xx 000 0 und d aIT-RoPAU cIT-RoPAU aita aKarl Barth aIniziare dall’inizio aBrescia aQueriniana c1990 a187 p. c20 cm aGdt,199 v1 aAntologia di testi cBK c27735d27735 00102ddc406208_17199000000000071aPAULUSbPAULUSd2012-04-11l0o208.17199r2012-04-11 00:00:00w2012-04-11yBKzInserito da: Carla In data: 24 ottobre 2011 fondo: Via A.Severo 56 Progr:15364